000 00331nam a2200133Ia 4500
008 240624s9999 xx 000 0 und d
041 _aeng
082 _a658.802 DAY
100 _aDAY GEORGE S
245 _aMARKET DRIVEN STRATEGY PROCESSES FOR CRE
260 _c1999
_aNew York
_bFree Press
300 _a432 : p.
365 _c
_b15
999 _c17359
_d17359